000 01460nam a22003257a 4500
003 OSt
005 20220620034726.0
008 170329b xxu||||| |||| 00| 0 eng d
010 _a 92251471
020 _a0140445625 :
_c$9.95
040 _aMMU
_cMMU
_dMMU
_beng.
043 _acl-----
_ae-sp---
050 0 0 _aF1411
_b.C31513 1992
100 1 _aCasas, Bartolomé de las,
_d1484-1566.
240 1 0 _aBrevísima relación de la destrucción de las Indias.
_lEnglish
245 1 2 _aA short account of the destruction of the Indies /
_cBartolomé de las Casas ; edited and translated by Nigel Griffin ; with an introduction by Anthony Pagden.
250 _a1st ed.
260 _aLondon, England ;
_aNew York, N.Y. :
_bPenguin Books,
_c1992.
300 _axlii, 143 p. :
_bill., map ;
_c20 cm.
440 0 _aPenguin classics
500 _aIncludes bibliographical references and index.
650 0 _aIndians, Treatment of
_zLatin America.
651 0 _aSpain
_xColonies
_zAmerica.
700 1 _aGriffin, Nigel.
856 4 1 _3Table of contents only
_uhttp://www.loc.gov/catdir/enhancements/fy1206/92251471-t.html
856 4 2 _3Publisher description
_uhttp://www.loc.gov/catdir/enhancements/fy1505/92251471-d.html
856 4 2 _3Contributor biographical information
_uhttp://www.loc.gov/catdir/enhancements/fy1505/92251471-b.html
942 _2lcc
_cLOAN LOAN
999 _c26400
_d26400